|
|
|
|
| LEADER |
01122nam a2200289 a 4500 |
| 001 |
c000344802 |
| 003 |
CARM |
| 005 |
00000000000000.0 |
| 008 |
841116s1912 enkaf b 00010 eng |
| 019 |
1 |
|
|a 3655802
|5 LACONCORD2021
|
| 035 |
|
|
|a (OCoLC)11497905
|5 LACONCORD2021
|
| 050 |
0 |
0 |
|a NE654.H63
|b A4 1912 Rosenwald Coll
|
| 100 |
1 |
|
|a Holbein, Hans,
|d 1497-1543.
|
| 245 |
1 |
0 |
|a Hans Holbein, the younger,
|b his Old Testament illustrations, Dance of death, and other woodcuts.
|
| 260 |
|
|
|a London :
|b W. Heinemann,
|c 1912.
|
| 300 |
|
|
|a 15 p., [64] leaves of plates :
|b ill. ;
|c 21 cm.
|
| 490 |
0 |
|
|a Great engravers
|
| 500 |
|
|
|a Text by A.M. Hind.
|
| 504 |
|
|
|a Bibliography: p. 11.
|
| 600 |
1 |
0 |
|a Holbein, Hans,
|d 1497-1543.
|
| 630 |
0 |
0 |
|a Bible.
|p O.T.
|x Illustrations.
|
| 650 |
|
0 |
|a Dance of death.
|
| 700 |
1 |
|
|a Hind, Arthur M.
|q (Arthur Mayger),
|d 1880-1957.
|
| 852 |
8 |
|
|b CARM
|h A1:AM02C0
|i C09968
|p 0422837
|f BK
|
| 082 |
0 |
4 |
|a 769.92/4
|2 19
|
| 999 |
f |
f |
|i 3111c4ec-5952-518a-af8a-8f69dc05d45d
|s 377ebc45-bd41-57be-86fa-b6762bd94b4d
|
| 952 |
f |
f |
|p Can circulate
|a CAVAL
|b CAVAL
|c CAVAL
|d CARM 1 Store
|e C09968
|f A1:AM02C0
|h Other scheme
|i book
|m 0422837
|